Score 0/25 Timer 05:00
1 Play Today
% Correct
Once upona
99.8%
red hot airballoon
97.7%
tears ran down hisface.
95.9%
astronaut looking down onearth.
95.3%
told herhow
94%
woman not to lookdown.
93.8%
Then he got down on oneknee
93.8%
the rest of herlife
93.1%
They knew they wouldnever
93%
stop loving him the day themoon
92.9%
When they landed, she took out herphone
92.6%
Coming out of the woods was someone, orsomething
90.3%
'This better not be ajoke,'
90.2%
% Correct
was wrong when they saw tens of cars on theroad
89.7%
She tried to speak, but she lost hervoice.
89.2%
'What in the world isTHAT?!'
88.9%
a pistol. 'Don't let it biteyou,'
88.1%
courage to do it. Hegrabbed
87.5%
Time flew by and soonone
87.4%
He held her as she turned into azombie,
86.8%
'I can'timagine
86.3%
higher than theclouds.
85%
answers. He went to find aweapon,
84.4%
no signal. In fact, everything wasquiet:
77.8%
breathe, mumbled, 'The DEAD have becomeUNDEAD.'
73.5%

Today's Daily Dose

Missing Word
'T' Pairs

Word Ladder
Game Pieces

Get the Picture
Baseball Movies

Remove Ads.
Support Sporcle.
Get the best of Sporcle when you Go Orange. This ad-free experience offers more features, more stats, and more fun while also helping to support Sporcle. Thank you for becoming a member.

You're not logged in!

Compare scores with friends on all Sporcle quizzes.
OR
Log In

Show Comments

Extras

Top Quizzes Today


Score Distribution

Your Account Isn't Verified!

In order to create a playlist on Sporcle, you need to verify the email address you used during registration. Go to your Sporcle Settings to finish the process.

Report this User

Report this user for behavior that violates our Community Guidelines.

Details: